000 00669nam a2200241 i 4500
001 C2-0285995
003 PPAK
005 20180728015538.0
008 080115s2003 nyua|||| ||||| | eng d
020 _a0375725172
040 _aPPAK
_beng
_cPPAK
_erda
082 0 4 _a976.300946
_223
090 0 0 _a976.300946
_bTID
_dLCK
100 1 _aTidwell, Mike,
_eauthor
245 1 0 _aBayou Farewell
264 1 _aNew York :
_bVintage Books ,
_c2003
300 _ax, 348 pages :
_billustrations ;
_c20 cm
336 _2rdacontent
_atext
337 _2rdamedia
_aunmediated
338 _2rdacarrier
_avolume
650 1 0 _aGulf Coast - Description and travel.
942 _ddc
_cB
999 _c91801
_d91801